Loading...
| Beliefs | 5 | 10.00 | 40% | 40% | 20% |
| Fine Arts - Classical Music and Opera | 6 | 15.00 | 67% | 33% | 50% |
| Fine Arts - Other | 5 | 14.00 | 20% | 60% | 60% |
| Fine Arts - Visual | 5 | 8.00 | 60% | 20% | 0% |
| Geography | 3 | 10.00 | 67% | 33% | 0% |
| History - European | 5 | 10.00 | 40% | 20% | 40% |
| History - Other | 4 | 15.00 | 75% | 50% | 25% |
| History - US | 7 | 12.86 | 57% | 29% | 43% |
| History - World | 5 | 10.00 | 20% | 40% | 40% |
| Literature - American | 4 | 17.50 | 100% | 50% | 25% |
| Literature - British | 1 | 20.00 | 100% | 100% | 0% |
| Literature - European | 4 | 12.50 | 25% | 50% | 50% |
| Literature - World | 6 | 13.33 | 33% | 50% | 50% |
| Modern World | 2 | 10.00 | 0% | 0% | 100% |
| Other Academic | 2 | 15.00 | 100% | 50% | 0% |
| Philosophy | 3 | 16.67 | 33% | 33% | 100% |
| Science - Biology | 5 | 12.00 | 60% | 40% | 20% |
| Science - Chemistry | 5 | 20.00 | 60% | 60% | 80% |
| Science - Other | 2 | 15.00 | 50% | 100% | 0% |
| Science - Physics | 5 | 10.00 | 40% | 0% | 60% |
| Social Science | 4 | 15.00 | 75% | 25% | 50% |